000 00703nam a2200217 i 4500
001 124530
003 ES-MaACL
007 t|
008 070329s1930 sp ||||1| spa d
080 _a382(02)
100 1 _aMichels, Roberto.
_980931
245 1 0 _aOrganización del comercio exterior /
_cRoberto Milchels ; traducción del italiano por Manuel Sánchez Sarto.
260 _aBarcelona :
_bLabor,
_c[1930]
300 _a184 p., XVI p. lám. :
_bil. ;
_c17 cm.
490 1 _aColección Labor ;
_v248
650 1 7 _aComercio exterior
_2embne
_911168
700 1 _aSánchez Sarto, Manuel.
_9102931
830 0 0 _aColección Labor
_v248
_9184254
852 _aES-MaACL
_jE-2752
999 _c124530
_d124530